| 000 | 01123nam a2200313 c 4500 | ||
|---|---|---|---|
| 001 | 10055 | ||
| 003 | ES-MaCES | ||
| 005 | 20141221122041.0 | ||
| 008 | 000112s1999 sp l o000 | spa d | ||
| 017 |
_aVA 401-1999 _bDL |
||
| 035 | _aCES20000000415m | ||
| 040 |
_aES-MaCES _bspa _cES-MaCES |
||
| 245 | 0 | 0 |
_aInforme previo IP 11/99 _b: sobre el proyecto de Decreto sobre planificación de casinos de juego en la Comunidad de Castilla y León : fecha de aprobación, 10-noviembre-99 _cConsejo Económico y Social, Comunidad de Castilla y León |
| 260 |
_a[Valladolid] _bCES _c1999 |
||
| 300 |
_a5 p. _c30 cm |
||
| 500 | _aDir. de internet: http:\\www.cescyl.es | ||
| 541 | _cGratuito | ||
| 650 | 4 |
_ajuego _929553 |
|
| 650 | 4 |
_aocio _928397 |
|
| 650 | 4 |
_aservicio recreativo _928398 |
|
| 650 | 4 |
_aCastilla y León _930782 |
|
| 650 | 4 |
_arégimen jurídico _929894 |
|
| 650 | 4 |
_ainforme preliminar _928983 |
|
| 653 | 1 | 0 | _aCultura-Ocio |
| 710 | 2 |
_aConsejo Económico y Social (Castilla y León) _92405 |
|
| 902 | _aDOC Literatura gris | ||
| 942 |
_2CES _cBK _h4.1. |
||
| 999 |
_c10055 _d10055 |
||